00471nam a2200133Ia 4500008004100000041000800041082001600049100001600065245004400081250001000125260004500135999001900180952013800199230627s9999 xx 000 0 und d aeng a345.54bSAX aSaxena R. N aIndian Penal Code (Act No. Xlv Of 1860) a15ed. aAllahabadbCentral Law Publcationsc1998 c702646d702646 001040708NLP Social WelfareaNLPbNLPcNLP-134d2000-03-30g140.00l0o345.54 SAXpNLP-NS0085r2023-07-17 00:00:00w2023-07-17yBK